Earthbound : a science fiction novel /

Bibliographic Details
Main Author: Marlowe, Stephen, 1928-2008
Format: Book
Language:English
Published: London : Hutchinson, [between 1950 and 1959]

MARC

Tag First Indicator Second Indicator Subfields
LEADER 00000cam a2200000 i 4500
001 in00000093770
005 20150927070218.0
008 800404q19501959enk 00011 eng d
035 |a (OCoLC)06169289 
035 |9 AAL5619AM 
040 |a TXA  |c TXA  |d UtOrBLW 
049 |a TXAS  |c [1101073] 
090 |a PZ4.M3495  |b Ear 1950z 
100 1 |a Marlowe, Stephen,  |d 1928-2008. 
245 1 0 |a Earthbound :  |b a science fiction novel /  |c by Milton Lesser [as printed]. 
264 1 |a London :  |b Hutchinson,  |c [between 1950 and 1959] 
300 |a 224 pages ;  |c 21 cm. 
336 |a text  |b txt  |2 rdacontent 
337 |a unmediated  |b n  |2 rdamedia 
338 |a volume  |b nc  |2 rdacarrier 
999 |a MARS 
999 f f |s 31b8aabc-349c-3b11-9f86-8c726b0f96fe  |i bcb6059c-beba-3a6d-b696-d1fc43bdd70d  |t 0 
952 f f |p noncirc  |a Texas A&M University  |b College Station  |c Cushing Memorial Library & Archives  |d Cushing: Science Fiction (Does not check out)  |t 0  |e PZ4.M3495 Ear 1950z  |h Library of Congress classification  |i unmediated -- volume  |m A14800447461 
998 f f |a PZ4.M3495 Ear 1950z  |t 0  |l Cushing: Science Fiction (Does not check out)